| 000 | 01292nam a2200349 i 4500 | ||
|---|---|---|---|
| 005 | 20220317001356.0 | ||
| 007 | ta | ||
| 008 | 210825r20092018ck ad er 001 0 spa d | ||
| 020 | _a9789586828512 | ||
| 020 | _a9786077686491 | ||
| 040 |
_aCO-BoRNBP _bspa _cCO-BoRNBP _erda |
||
| 041 | 1 |
_aspa _heng |
|
| 082 | 0 | 4 |
_a604.2 _bS62d _222 |
| 100 | 1 |
_aSpencer, Henry Cecil _d1903-1972 _eautor |
|
| 245 | 1 | 0 |
_aDibujo técnico _cHenry Cecil Spencer, John Thomas Dygdon, James E. Novak ; traducción Raúl Arrioja |
| 250 |
_aOctava edición _bReimpresión |
||
| 264 | 1 |
_aColombia _aMéxico _bAlfaomega _c2009 _c2018 |
|
| 300 |
_a622 páginas _bilustraciones, gráficos, fotografías a blanco y negro _c25 cm |
||
| 336 |
_atexto _btxt _2rdacontent |
||
| 337 |
_asin mediación _bn _2rdamedia |
||
| 338 |
_avolumen _bnc _2rdacarrier |
||
| 500 | _aIncluye glosario e induce al final del texto | ||
| 521 | _aRecomendado para un público adulto | ||
| 534 | _tBasic technical drawing | ||
| 650 | 1 | 7 |
_aDibujo _xEnseñanza _2LEMB |
| 650 | 1 | 7 |
_aDibujo técnico _xEnseñanza _2LEMB |
| 650 | 1 | 7 |
_aDibujo geométrico _xEnseñanza _2LEMB |
| 700 | 1 |
_aDygdon, John Thomas _eautor _9184586 |
|
| 700 | 1 |
_aNovak, James E. _eautor _9184587 |
|
| 700 | 1 |
_a Arrioja Juárez, Raúl _etraductor _954927 |
|
| 942 |
_2ddc _cBK |
||
| 999 |
_c6782 _d6782 |
||